| 000 | 00586cam a22002053a 4500 | ||
|---|---|---|---|
| 001 | 44289 | ||
| 003 | PGUSA | ||
| 005 | 20140828084018.0 | ||
| 008 | 131126s2013||||xxu|||||s|||||000 | eng d | ||
| 040 |
_aPGUSA _beng |
||
| 042 | _adc | ||
| 100 | 1 |
_aBarnes, William, _d1801-1886 |
|
| 245 | 1 | 3 |
_aAn Outline of English Speech-craft _h[electronic resource] / _cWilliam Barnes |
| 260 |
_bProject Gutenberg, _c2013 |
||
| 506 | _aPublic domain in the USA. | ||
| 516 | _aElectronic text | ||
| 830 | 0 |
_aProject Gutenberg _v44289 |
|
| 856 | 4 | 0 | _uhttp://www.gutenberg.org/ebooks/44289 |
| 942 | _cEB | ||
| 999 |
_c273540 _d273540 |
||